Culture Générale - Série 03 - Statistiques

Statistiques générales
  • Ce quiz a été pris 10 900 fois
  • Le résultat moyen est 5 sur 10
Statistiques - réponses
Question Réponse % Correct
Sur quel continent s'etend le fleuve Amour ? Asie
89%
Qui a écrit les romans : "la peste" et "l'étranger" ? Albert Camus
80%
Qui a peint "Les tournesols" ? Van Gogh
77%
Quel musicien a composé la fameuse « Lettre à Elise » ? Beethoven
63%
Dans la mythologie, qui part à la conquête de la Toison d’or ? Jason
53%
Quelle est la nationalité de l'écrivain Garcia Marquez ? Colombienne
34%
Dans quel pays se passe le roman de Malraux "La condition humaine" ? Chine
25%
Qui a réalisé le film Apocalypse Now ? Coppola
25%
Comment appelle-t-on le fait d'user de son autorité pour procurer des avantages aux gens de sa famille ? Népotisme
16%
Comment appelle-t-on le régime politique où les plus riches sont au pouvoir ? Ploutocratie
15%
Aucun quiz correspondant
Distribution des résultats
% des personnes avec chaque résultat
Percentile par nombre de réponses
Votre historique - résultats
Vous n’avez pas pris ce quiz